[Event "Lindores Abbey Rapid Challenge"]
[Site "Online"]
[Date "2020.05.20"]
[Round "8"]
[White "Firouzja, Alireza"]
[Black "Karjakin, Sergey"]
[Result "0-1"]
[WhiteElo "2703"]
[BlackElo "2709"]
[Annotator "TA"]
[PlyCount "90"]
[EventDate "2020.05.19"]
[EventType "tourn"]
[SourceTitle "playchess.com"]
[Source "ChessBase"]
[SourceQuality "1"]

{[%evp 13,90,4,12,5,6,7,6,9,0,4,14,11,11,7,7,3,6,6,6,8,12,0,13,0,0,0,29,32,29,38,37,0,0,-8,-8,-64,-61,-126,-126,-126,-126,-175,-180,-239,-242,-238,-225,-429,-421,-473,-462,-489,-412,-476,-467,-487,-456,-997,-989,-968,-715,-951,-940,-884,-883,-1154,-1135,-1134,-1104,-882,-724,-700,-687,-634,-603,-1137,-1003,-581,-642]} 1. d4 Nf6 2. c4 e6 3. Nf3 d5 4. Nc3 Be7 5. Bf4 O-O 6. e3 Nbd7 7. c5 Nh5 8. Bd3 {D37: Queen's Gambit Declined: 5 Bf4.} Nxf4 9. exf4 b6 10. b4 {The position is equal.} a5 11. a3 c6 12. O-O Ba6 13. Bxa6 Rxa6 14. Qe2 Qa8 $5 {[%mdl 4] aiming for ...axb4. An interesting side line.} 15. b5 cxb5 $1 16. Qxb5 Ra7 $1 {[%cal Rb6c5] [#]} 17. c6 $146 ({Predecessor:} 17. Ne5 Nxe5 18. cxb6 Nc4 19. bxa7 Qxa7 20. Ne2 Rb8 21. Qa4 g6 22. Ra2 Qb6 23. g3 {1-0 (47) Nepomniachtchi,I (2784)-Radjabov,T (2765) chess.com INT 2020}) 17... Nb8 $1 18. Rfc1 {Black must now prevent Na4.} Rc7 19. Ne5 Bd6 {[%cal Rb8c6]} 20. Na4 Qa6 21. Qxa6 Nxa6 22. g3 Bxe5 23. fxe5 b5 $36 {[%mdl 2048] Black is pushing.} 24. Nc5 ({White should try} 24. Nc3 $11 Rb8 25. Rcb1) 24... Rxc6 $15 25. Nb7 {Black converts the advantage convincingly.} (25. Nxa6 $15 Rxa6 26. Rab1) 25... Rxc1+ $17 26. Rxc1 {[%mdl 4096] Endgame [#] KRN-KRN} a4 $1 {[%cal Ba5a4,Ba4a3,Ba3a2][%mdl 32]} 27. Rc6 {[#]} Ra8 $1 28. Rb6 {[#]} (28. Nd6 {keeps fighting.} b4 29. Nb5) 28... b4 $1 $19 {[%cal Rb4a3][%mdl 512]} 29. axb4 Kf8 30. Rb5 $2 (30. Nc5 a3 31. Nb3) 30... a3 31. Ra5 Nc7 32. Nc5 a2 {Hoping for ...Rxa5.} 33. Nb3 Rxa5 {Black is clearly winning.} 34. bxa5 {KN-KN} Ke7 35. f4 (35. Kf1 $142 Nb5 36. a6) 35... Nb5 36. Kf2 {[#]} Nxd4 $1 {[%mdl 512]} 37. Na1 (37. Nxd4 a1=Q) 37... Kd7 38. Ke3 Nc6 39. a6 Kc7 40. Kd2 Kb6 41. Kc3 Kxa6 42. Kb3 Kb5 43. Kxa2 Kc4 44. Nb3 Kc3 45. Nc5 Kc2 {Accuracy: White = 56%, Black = 100%.} 0-1

[Event "Lindores Abbey Rapid Challenge"]
[Site "Online"]
[Date "2020.05.21"]
[Round "9"]
[White "Duda, Jan-Krzysztof"]
[Black "Ding, Liren"]
[Result "0-1"]
[WhiteElo "2774"]
[BlackElo "2836"]
[Annotator "TA"]
[PlyCount "54"]
[EventDate "2020.05.19"]
[EventType "tourn"]
[SourceTitle "playchess.com"]
[Source "ChessBase"]
[SourceQuality "1"]

{[%evp 22,54,0,-3,0,-66,-58,-124,-45,-122,-131,-120,-130,-116,-110,-135,-125,-133,-126,-147,-122,-118,-94,-145,-145,-236,-152,-403,-391,-391,-422,-377,-367,-661,-651]} 1. c4 e5 2. Nc3 Nf6 3. g3 Bb4 4. Bg2 O-O 5. Nf3 e4 6. Ng5 Bxc3 7. bxc3 Re8 8. f3 exf3 9. Nxf3 d5 10. cxd5 Qxd5 11. O-O Nc6 12. Nd4 Qh5 {White must now prevent ...Nxd4. A29: English Opening: Four Knights Variation with 4 g3.} 13. e3 (13. Nxc6 $11 bxc6 14. e3) 13... Bg4 $1 $15 {[%cal Rg4d1] [#]} 14. Qc2 $146 ({White should try} 14. Qb3 $15) ({Predecessor:} 14. Bf3 Ne5 15. Bxg4 Nexg4 16. Qe2 Rad8 17. Qg2 Ne4 18. Rb1 Qd5 19. Rb3 c5 20. Nb5 Nxd2 21. e4 Qxe4 22. Qxe4 Rxe4 23. Nd6 Rxd6 24. Rxb7 f6 {0-1 (24) Loos,U (2025)-Feldmann,J (1945) Germany 2011}) 14... Bh3 (14... Ne5 $1 $17 15. Ba3 Bh3) 15. Qd1 (15. Bxh3 $15 Qxh3 16. Nxc6 bxc6 17. d3) 15... Qxd1 $17 16. Rxd1 Bxg2 17. Kxg2 Ne5 18. Rb1 {[#]} b6 $1 19. Nf3 Nd3 20. Kf1 Rad8 21. Ke2 c5 22. a4 (22. c4 $142) 22... Ne4 23. a5 (23. Bb2 $17) 23... Re6 ({Resist} 23... bxa5 24. Ra1) 24. Rb3 $2 {[#]} (24. axb6 $17 {might work better.} axb6 25. Rg1) 24... g5 $1 $19 25. g4 h5 26. axb6 axb6 27. Ba3 $2 (27. gxh5 g4 28. Nd4 cxd4 29. cxd4 Nf4+ {[%mdl 64] Double Attack} 30. Ke1) 27... hxg4 {White got outplayed after the opening. Accuracy: White = 28%, Black = 80%.} 0-1

[Event "Lindores Abbey Rapid Challenge"]
[Site "Online"]
[Date "2020.05.21"]
[Round "9"]
[White "Dubov, Daniil"]
[Black "Firouzja, Alireza"]
[Result "1/2-1/2"]
[WhiteElo "2770"]
[BlackElo "2703"]
[Annotator "TA"]
[PlyCount "133"]
[EventDate "2020.05.19"]
[EventType "tourn"]
[SourceTitle "playchess.com"]
[Source "ChessBase"]
[SourceQuality "1"]

{[%evp 17,133,-5,-4,-5,-4,-10,-11,-13,9,5,18,18,8,17,37,28,33,0,30,-7,-10,-10,-10,-10,-13,-21,-20,-8,-10,-64,-73,-61,-59,-59,-60,-129,-102,-116,-78,-78,-78,-78,-78,-78,-78,-78,-78,-78,-78,-78,-78,-78,-78,-78,-78,-78,-78,-85,-78,-78,-27,-27,-27,-27,-27,-27,0,-27,-27,-27,0,-27,0,0,0,0,0,0,0,-27,0,0,0,0,0,0,0,0,0,0,0,0,0,0,0,-27,-27,-27,-27,-27,-27,-27,0,0,0,-27,-27,-27,-27,-27,-27,-27,0,0,0,0,0,-27]} 1. e4 c6 2. d4 d5 3. exd5 cxd5 4. c4 Nf6 5. Nc3 e6 6. Nf3 Bb4 7. cxd5 Nxd5 8. Qc2 Nc6 9. Bd3 Ba5 10. O-O {B14: Caro-Kann: Panov-Botvinnik Attack with 5...e6 and 5...g6.} Ndb4 11. Qe2 Nxd3 12. Qxd3 O-O 13. Ng5 {[%csl Gg5][%cal Rd3h7] [#]} f5 $146 ({Predecessor:} 13... g6 14. Nf3 f6 15. h3 Bd7 16. a3 Ne7 17. Re1 Rc8 18. b4 Bb6 19. a4 a5 {½-½ (50) Fechner,J (2094)-Skowronek,J (1686) GER email 2013}) 14. Rd1 Qf6 15. Nf3 Bb6 16. Bf4 h6 17. d5 Nb4 18. Qc4 Nxd5 19. Nxd5 exd5 20. Qxd5+ Be6 21. Qe5 Qf7 22. b3 Rfe8 23. Qb2 (23. Qb5 $11) 23... Bd5 $15 24. Ne5 Qe6 $36 {[%mdl 2048] Strongly threatening ...g5. Black is pushing.} 25. Re1 Be4 26. h3 (26. Nc4 $15) 26... Rad8 {And now ...Bd4 would win.} 27. Rad1 Rxd1 28. Rxd1 g5 29. Nd7 gxf4 30. Nf6+ {[%mdl 64] [#] Double Attack} Kf7 $1 31. Nxe8 Qxe8 32. Rd6 Qe7 33. Rxh6 {[#] Threatens to win with Rh7+.} Qg5 $1 {[%csl Ge4][%cal Rg5g2][%mdl 64] Double Attack} 34. Rh7+ Ke6 {[%csl Ge4][%cal Rg5g2]} 35. Qg7 Qxg7 36. Rxg7 Kf6 37. Rh7 f3 38. g3 Bb1 (38... Bc5 $17) 39. Rxb7 $11 Bxa2 40. b4 Bd5 41. Rb8 Be4 42. h4 Bd5 43. Rf8+ Kg6 44. Rb8 Kh5 45. Rf8 Kg4 46. Rf6 Be4 47. Rg6+ Kh5 48. Rg5+ Kh6 49. Rg8 Kh7 50. Re8 Kg7 51. Re6 Kf7 52. Rd6 Bc2 53. Rd7+ Kf6 54. Rd6+ Ke5 55. Rg6 Bb3 56. Rg7 Kf6 57. Rd7 Bf7 58. Rd3 Bh5 59. Rd6+ Kg7 60. Rd7+ Kf6 61. Rd6+ Ke7 62. Rh6 Bf7 63. Rc6 Bd4 64. Rc7+ Kf6 65. Rd7 {The position is equal.} Bb6 66. Rd3 Bh5 67. Rd6+ {Accuracy: White = 84%, Black = 86%.} 1/2-1/2

[Event "Lindores Abbey Rapid Challenge"]
[Site "Online"]
[Date "2020.05.21"]
[Round "9"]
[White "Wei, Yi"]
[Black "Nakamura, Hikaru"]
[Result "1/2-1/2"]
[WhiteElo "2752"]
[BlackElo "2829"]
[Annotator "TA"]
[PlyCount "107"]
[EventDate "2020.05.19"]
[EventType "tourn"]
[SourceTitle "playchess.com"]
[Source "ChessBase"]
[SourceQuality "1"]

{[%evp 18,107,30,0,26,17,16,14,15,17,30,7,0,0,0,0,0,-16,-16,-11,-22,-16,-8,0,0,0,-12,-7,0,0,0,-8,32,50,76,0,8,8,8,8,8,8,8,8,8,8,8,8,30,18,44,8,8,8,8,8,14,5,5,0,0,0,0,0,0,0,0,0,0,0,0,0,0,0,0,0,0,0,0,0,0,0,0,0,5,5,5,5,5,0,0,0]} 1. e4 e5 2. Nf3 Nc6 3. Bb5 Nf6 4. O-O Nxe4 5. d4 Nd6 6. Bxc6 dxc6 7. dxe5 Nf5 8. Qxd8+ Kxd8 9. Nc3 Ke8 10. h3 h5 {C67: Ruy Lopez: Berlin Defence: 4 0-0 Nxe4.} 11. Bf4 Be7 12. Rad1 Be6 13. Ng5 Rh6 14. Rfe1 Bb4 15. a3 {now supersedes 15.g4.} Bxc3 16. bxc3 h4 17. g4 hxg3 $1 18. fxg3 Ne7 19. h4 Nd5 20. Bc1 Nxc3 21. Rd3 Na4 22. Rf3 Bd5 23. Rf4 Nb6 24. Ref1 {[%cal Rg5f7] [#]} Bc4 $146 ({Predecessor:} 24... Rg6 25. Rf5 Bc4 26. Re1 Ke7 27. h5 Rh6 28. g4 Rhh8 29. a4 Nxa4 30. Ba3+ c5 {½-½ (53) Vachier Lagrave,M (2767)-Grischuk,A (2777) Ekaterinburg 2020}) 25. Nxf7 Rg6 {[#]} 26. R1f3 ({Better is} 26. R1f2 $1 $16) 26... Bxf7 27. h5 {[#]} Rg4 $1 {[%mdl 512]} 28. Rxf7 {Black must now prevent Kh2.} (28. Rxg4 Bxh5) 28... Rxg3+ $1 29. Rxg3 {e6 would kill now.} Kxf7 $11 {[%mdl 4096] Endgame [#] KRB-KRN} 30. e6+ $1 {[%mdl 512]} Kxe6 31. Rxg7 {White wants to play h6.} Rh8 32. h6 Nd5 33. Kg2 Ne7 34. h7 {aiming for Bb2.} (34. Bg5 $5 {[%cal Rg7e7]} Nd5 35. Kg3 $16) 34... Nf5 $1 {[%cal Rf5g7] The position is equal.} 35. Rxc7 Ne7 36. Rxb7 a6 (36... a5 {is interesting.} 37. Be3 Rxh7 38. Bc5 Rf7 39. Ra7 Nf5) 37. Ra7 Rxh7 38. Rxa6 Rh4 39. Bd2 Rc4 40. c3 Nd5 41. Kf3 Nxc3 42. Bxc3 Rxc3+ {KR-KR} 43. Ke4 Kd6 44. Kd4 Rc1 45. Ra8 Kc7 46. Rh8 c5+ 47. Kd3 Kb6 48. Rb8+ Ka5 49. Rb3 c4+ 50. Kd2 Rh1 51. Rb4 Rh3 52. Rxc4 Rxa3 53. Rc3 Rxc3 54. Kxc3 {Accuracy: White = 94%, Black = 91%.} 1/2-1/2

[Event "Lindores Abbey Rapid Challenge"]
[Site "Online"]
[Date "2020.05.21"]
[Round "9"]
[White "So, Wesley"]
[Black "Aronian, Levon"]
[Result "1/2-1/2"]
[WhiteElo "2741"]
[BlackElo "2778"]
[Annotator "TA"]
[PlyCount "62"]
[EventDate "2020.05.19"]
[EventType "tourn"]
[SourceTitle "playchess.com"]
[Source "ChessBase"]
[SourceQuality "1"]

{[%evp 18,62,15,8,20,7,0,0,0,-10,8,0,0,-8,0,8,1,3,29,20,39,53,183,37,27,31,68,67,77,71,61,64,58,81,81,23,75,43,48,0,18,0,54,0,17,0,50]} 1. d4 Nf6 2. c4 e6 3. Nf3 d5 4. g3 Be7 5. Bg2 O-O 6. O-O dxc4 7. Qc2 a6 8. a4 Bd7 9. Qxc4 Bc6 10. Bg5 h6 {[#] aiming for ...Bd5. E05: Open Catalan: 5 Nf3 Be7.} (10... Nbd7 11. Nc3 a5 12. Rfe1 Bd5 13. Qd3 Bxf3 14. Bxf3 c6 15. Red1 Nd5 16. Bd2 Nb4 17. Qb1 Qb6 18. e3 Rfd8 19. Na2 Nd5 20. Qc2 {1-0 (53) So,W (2760)-Aronian,L (2772) Bucharest 2019}) 11. Bf4 Bd6 12. Nc3 Nbd7 13. Bd2 Ne4 {[#]} 14. Rfd1 $146 ({Predecessor:} 14. Nxe4 Bxe4 15. Ne1 Bxg2 16. Nxg2 Qe7 17. Rfd1 c5 18. Bc3 Rad8 19. dxc5 Bxc5 20. Nf4 {½-½ (30) Grabner,H (2315)-Zubov,Y (2346) ICCF email 2015}) 14... Nb6 15. Qd3 Nxc3 16. bxc3 Bxa4 17. Rdc1 $1 c5 18. c4 {Black should prevent Qa3.} Bc6 19. e4 $1 Re8 ({Black should try} 19... f5 $14 20. exf5 Qf6) 20. Ba5 (20. d5 $18 exd5 21. exd5) 20... Bc7 $1 $14 21. d5 $1 exd5 22. exd5 Nxd5 23. cxd5 {Hoping for Bxc7.} Bxa5 24. Rxa5 Qxa5 25. dxc6 bxc6 {[#]} 26. Qf5 (26. Bf1 $1 $16) 26... Re6 (26... Qa3 $11 {remains equal.} 27. Rxc5 Re6) 27. Rxc5 (27. Ne5 $5 {[%cal Rf5f7]} Qc7 28. f4 $11 (28. Rxc5 g6 $11)) 27... Qa3 28. Ra5 {[%mdl 1024] White has compensation.} (28. Ne5 $5 {[%cal Rf5f7]} Ra7 29. Rxc6 Qa1+ 30. Bf1 $14) 28... Qc3 {White must now prevent ...Rd8.} 29. Rc5 Qa3 30. Ra5 (30. Ne5 $5 {[%cal Rf5f7]} Ra7 31. Nxc6 $11 (31. Rxc6 Qa1+ 32. Bf1 g6 $14)) 30... Qc3 {And now ...Rd8 would win.} 31. Rc5 Qa3 $1 {Accuracy: White = 64%, Black = 76%.} 1/2-1/2

[Event "Lindores Abbey Rapid Challenge"]
[Site "Online"]
[Date "2020.05.21"]
[Round "9"]
[White "Yu, Yangyi"]
[Black "Grischuk, Alexander"]
[Result "1/2-1/2"]
[WhiteElo "2738"]
[BlackElo "2784"]
[Annotator "TA"]
[PlyCount "64"]
[EventDate "2020.05.19"]
[EventType "tourn"]
[SourceTitle "playchess.com"]
[Source "ChessBase"]
[SourceQuality "1"]

{[%evp 11,64,13,24,5,22,29,17,25,22,19,25,22,23,19,27,15,9,7,21,8,18,7,18,12,5,17,21,0,31,0,0,0,24,26,27,14,24,22,33,24,25,10,17,9,34,13,22,4,18,0,14,0,25,0,22]} 1. d4 d5 2. c4 e6 3. Nc3 Nf6 4. cxd5 exd5 5. Bg5 c6 6. Qc2 h6 7. Bh4 {D36: Queen's Gambit Declined: Exchange Variation: Main line (5 Bg5 c6 6 Qc2).} g6 8. e3 Bf5 9. Bd3 Bxd3 10. Qxd3 Bg7 11. Nge2 O-O 12. O-O Nbd7 13. Rae1 Re8 14. f3 Rc8 {[#]} 15. Bf2 $146 ({Predecessor:} 15. Nc1 Qb6 16. Qd2 c5 17. Bf2 Qc6 18. dxc5 b6 19. cxb6 Nxb6 20. N1e2 Nc4 21. Qc1 Qb6 22. Nf4 {½-½ (22) Voronin,A (2437)-Mokrys,C (2444) ICCF email 2018}) 15... Nf8 16. Nf4 Ne6 17. Nxe6 Rxe6 18. h3 Nh5 19. g4 Nf6 20. Kg2 Qd7 21. Ne2 {[%cal Bc3e2,Be2f4,Bf4d3,Bd3c5][%mdl 32]} Rce8 22. Nf4 R6e7 23. Qd2 Rd8 24. Nd3 Ree8 25. Bh4 Rc8 26. Re2 Nh7 27. Bg3 Ng5 28. Rfe1 Rcd8 29. Nc5 Qc8 30. Nd3 Qd7 31. Nc5 Qc8 32. Nd3 Qd7 {A rather calm draw. Accuracy: White = 96%, Black = 96%.} 1/2-1/2

[Event "Lindores Abbey Rapid Challenge"]
[Site "Online"]
[Date "2020.05.21"]
[Round "9"]
[White "Karjakin, Sergey"]
[Black "Carlsen, Magnus"]
[Result "1/2-1/2"]
[WhiteElo "2709"]
[BlackElo "2881"]
[Annotator "TA"]
[PlyCount "116"]
[EventDate "2020.05.19"]
[EventType "tourn"]
[SourceTitle "playchess.com"]
[Source "ChessBase"]
[SourceQuality "1"]

{[%evp 18,116,69,29,39,21,42,36,34,41,81,29,30,31,32,39,44,18,14,9,8,5,5,5,27,0,0,0,0,0,0,0,0,0,0,0,0,0,0,0,0,0,0,0,0,0,0,0,0,0,0,0,0,0,0,0,8,8,8,8,8,8,8,8,8,8,8,8,16,0,0,0,0,0,0,0,8,8,8,8,8,8,8,8,8,8,8,8,8,8,8,8,8,8,8,8,8,8,8,8,8]} 1. e4 c5 2. Nf3 e6 3. d4 cxd4 4. Nxd4 Nf6 5. Nc3 d6 6. g4 e5 7. Bb5+ Bd7 8. Bxd7+ Qxd7 9. Nf5 h5 10. gxh5 Nxh5 {B81: Sicilian Scheveningen: Keres Attack.} 11. Nd5 {was the old line (11.Bh6).} Nc6 12. Bg5 g6 {White is slightly better.} 13. Ng3 Bg7 14. c3 {[#]} (14. h4 $16) 14... Nf4 $146 ({Predecessor:} 14... f5 15. Nxh5 Rxh5 16. h4 Kf7 17. Qb3 Na5 18. Qb4 Nc6 19. Qc4 Na5 20. Qe2 Rc8 21. exf5 Qxf5 22. Ne7 Qxg5 23. hxg5 Rxh1+ 24. Kd2 Rxa1 25. Nxc8 Rxa2 26. Kc2 Ra1 27. Qf3+ {1-0 (27) Groszpeter,A (2477)-Sukandar,I (2370) Kecskemet 2013}) 15. h4 Nxd5 16. Qxd5 Bh6 17. Bf6 Ne7 18. Qd3 Rh7 $1 19. Rd1 {Hoping for Bxe5!} Rd8 $1 {[%cal Ba8d8,Bd8d7,Bd7h7][%mdl 32]} 20. h5 Bf4 21. hxg6 Rxh1+ {The position is equal.} 22. Nxh1 {[#] Strongly threatening g7.} fxg6 23. Ng3 Qe6 24. Qb5+ Rd7 25. Bxe7 $1 Kxe7 26. Ne2 Bg5 27. Qd5 Qxd5 (27... Qg4 {is interesting.} 28. Rd3 Bh4 29. c4 Kf8 30. c5 Rf7) 28. Rxd5 {[%mdl 4096] Endgame KRB-KRN} Ke6 29. Rd3 Rh7 30. Rg3 Rh1+ 31. Rg1 Rxg1+ 32. Nxg1 {KB-KN} d5 33. f3 b5 34. Ke2 dxe4 35. fxe4 Bc1 36. b3 Bb2 37. Kd3 g5 38. Kc2 Ba3 39. b4 a5 40. Kb3 Bc1 $1 41. bxa5 {[#] And now a6 would win.} Be3 42. Ne2 {Threatens to win with Kb4.} Kd6 43. c4 Kc5 44. cxb5 Kxb5 45. Kc3 g4 46. Kd3 Bf2 {aiming for ...g3.} (46... Bc5 {keeps more tension.} 47. a6 Kxa6 48. Kc4 Be3 49. Kd3 Bg5) 47. Nc3+ Kxa5 {White must now prevent ...g3.} 48. Ke2 Bh4 49. Nd5 Ka4 50. Ne3 g3 51. Kf3 Ka3 52. Nc4+ Kxa2 53. Nxe5 Kb3 54. Ng6 Bf6 55. Kxg3 Kc4 56. Kf4 Kd4 57. Kf5 Ke3 58. Kxf6 {Intending e5 and mate.} Kxe4 {Accuracy: White = 95%, Black = 98%.} 1/2-1/2

[Event "Lindores Abbey Rapid Challenge"]
[Site "Online"]
[Date "2020.05.21"]
[Round "10"]
[White "Carlsen, Magnus"]
[Black "Dubov, Daniil"]
[Result "0-1"]
[WhiteElo "2881"]
[BlackElo "2770"]
[Annotator "TA"]
[PlyCount "82"]
[EventDate "2020.05.19"]
[EventType "tourn"]
[SourceTitle "playchess.com"]
[Source "ChessBase"]
[SourceQuality "1"]

{[%evp 11,82,30,39,29,30,35,41,27,30,12,34,22,35,34,33,25,41,35,27,23,27,34,42,39,50,48,36,40,39,12,28,0,0,0,0,-59,-45,-31,-38,-43,-12,-34,-37,-23,-25,-163,-141,-154,-137,-175,-46,-33,-54,-68,-75,-104,-95,-98,-82,-119,-96,-112,-103,-99,-100,-96,-100,-100,-83,-100,-31,-741,-736]} 1. e4 e5 2. Nf3 d6 3. d4 exd4 4. Nxd4 Nf6 5. Nc3 Be7 6. g3 O-O 7. Bg2 {C41: Philidor Defence.} Re8 8. O-O c6 9. a4 {White is slightly better.} a5 10. h3 Na6 11. Re1 Bf8 12. Bf4 Nc5 13. Qd2 h6 14. g4 Qb6 15. Rad1 Bd7 16. b3 Rad8 {[#]} 17. Bg3 $146 ({Predecessor:} 17. Nf5 Bxf5 18. gxf5 Qc7 19. Bh2 Qc8 20. Re2 Na6 21. Qf4 Nb4 22. Red2 Na6 23. Qf3 {½-½ (33) Bresadola,G (2359)-Pavlikov,A (2373) ICCF email 2012}) 17... Bc8 18. Kh2 g6 19. f3 Bg7 20. Qf2 h5 {[%cal Rh5g4]} 21. g5 h4 22. Bxh4 Nh5 23. Nce2 ({White should try} 23. Kh1 $11) 23... d5 $15 24. exd5 Rxd5 25. f4 Rdd8 26. Nf3 Rxd1 27. Rxd1 Qc7 28. Nfg1 (28. Ng3 $11 {and White is okay.} Nxg3 29. Bxg3) 28... Ne4 $19 {[%mdl 1024] Black has strong compensation.} 29. Qe3 Bf5 30. Bf3 {[#]} Re7 (30... Qb8 $1 $19 {Hoping for ...Nc3.} 31. Bxe4 Rxe4) 31. Qc1 $1 $15 Qb6 32. Bxh5 gxh5 33. Rf1 Re6 34. Nf3 Qc5 35. Re1 Nc3 36. Neg1 Na2 $36 {[%mdl 2048] Black is in control.} 37. Qd2 Qxc2 38. Rxe6 Qxd2+ 39. Nxd2 Bxe6 40. Ne2 Nc3 (40... Bf8 $17 41. Bf2 Bb4) 41. Bf2 $2 {[%mdl 8192] [#]} (41. Ng3 $15) 41... Nxe2 {Accuracy: White = 71%, Black = 85%.} 0-1

[Event "Lindores Abbey Rapid Challenge"]
[Site "Online"]
[Date "2020.05.21"]
[Round "10"]
[White "Ding, Liren"]
[Black "So, Wesley"]
[Result "1/2-1/2"]
[WhiteElo "2836"]
[BlackElo "2741"]
[Annotator "TA"]
[PlyCount "61"]
[EventDate "2020.05.19"]
[EventType "tourn"]
[SourceTitle "playchess.com"]
[Source "ChessBase"]
[SourceQuality "1"]

{[%evp 12,61,14,16,39,31,28,37,27,12,31,26,30,21,29,26,29,24,34,35,54,36,43,33,23,30,40,7,6,6,13,7,7,7,10,10,26,0,12,0,0,0,8,0,11,11,18,0,0,0,0,0]} 1. e4 e5 2. Nf3 Nc6 3. Bb5 Nf6 4. O-O Nxe4 5. Re1 Nd6 6. Nxe5 Be7 7. Bf1 Nf5 {C67: Ruy Lopez: Berlin Defence: 4 0-0 Nxe4.} 8. Nf3 d5 9. d4 O-O {White is slightly better.} 10. Nc3 Nh4 11. Nxh4 Bxh4 12. Ne2 Ne7 {[#]} 13. c3 $146 ({Predecessor:} 13. g3 Bf6 14. Nf4 Nf5 15. c3 c6 16. Bd3 Nd6 17. Qf3 g6 18. b3 Re8 19. Ba3 {1-0 (29) Malinovsky,K (2478)-Yemelin,V (2546) Czech Republic 2020}) 13... c6 14. Ng3 Nf5 15. Bd3 Nxg3 16. hxg3 {[#] aiming for Qh5!} Bf6 17. Qc2 g6 18. Bh6 Bg7 19. Bxg7 Kxg7 20. Re5 Re8 21. Rae1 Rxe5 22. Rxe5 Bd7 23. Qe2 Qf8 24. b4 Re8 {The position is equal.} 25. a4 {[%cal Ba2a4,Ba4a5][%mdl 32]} f6 26. Re3 b6 27. a5 Kf7 28. Rxe8 Qxe8 29. Qxe8+ Kxe8 30. axb6 axb6 31. Kf1 {Accuracy: White = 91%, Black = 100%.} 1/2-1/2

[Event "Lindores Abbey Rapid Challenge"]
[Site "Online"]
[Date "2020.05.21"]
[Round "10"]
[White "Nakamura, Hikaru"]
[Black "Duda, Jan-Krzysztof"]
[Result "1-0"]
[WhiteElo "2829"]
[BlackElo "2774"]
[Annotator "TA"]
[PlyCount "79"]
[EventDate "2020.05.19"]
[EventType "tourn"]
[SourceTitle "playchess.com"]
[Source "ChessBase"]
[SourceQuality "1"]

{[%evp 9,79,0,0,0,25,19,25,29,27,22,17,-4,34,32,47,27,27,25,27,4,12,0,0,0,0,0,0,0,7,0,0,0,13,0,20,12,4,8,13,13,16,0,16,-2,88,21,31,-8,-8,-15,-10,-21,158,149,142,147,546,486,889,830,841,823,883,850,1168,1133,29988,29989,29989,5381,29991,29992]} 1. e4 c5 2. Nf3 d6 3. Bb5+ Nd7 4. Ba4 Ngf6 5. O-O a6 6. c4 {B51: Sicilian: Moscow Variation (3 Bb5+) without 3...Bd7.} g6 7. Nc3 Bg7 8. h3 {White has an edge.} O-O 9. d3 Rb8 10. Rb1 {[#]} Qa5 $146 ({Predecessor:} 10... Ne8 11. Bg5 h6 12. Be3 Nc7 13. Qd2 Kh7 14. b4 b5 15. cxb5 axb5 16. Bc2 e5 {0-1 (43) Liang,A (2575)-Lobanov,S (2535) Manavgat 2018}) 11. Bd2 Qc7 12. a3 e6 13. b4 b6 14. bxc5 bxc5 15. Qc2 Nb6 16. Bb3 Nfd7 17. Na4 Na8 18. Bc3 Bxc3 19. Nxc3 Nab6 20. Qd2 Bb7 21. Qh6 {Black must now prevent Ng5.} Rfd8 22. Ng5 (22. Rfc1 {with more complications.} Nf6 23. Ng5 Qe7 24. f4 Qf8 25. Qh4) 22... Nf8 $1 23. f4 {aiming for f5.} f6 24. Nf3 $40 {[%mdl 128] White mounts an attack.} Bc6 25. Qh4 (25. f5 {feels hotter.} Nbd7 26. Qe3 Re8 27. Qd2 Qa5 28. d4) 25... Qg7 26. Rfe1 Rd7 {[#]} (26... f5 $11 {remains equal.} 27. Rbc1 Re8) 27. Qf2 (27. d4 $1 $16) 27... Rdb7 $11 28. Ba2 f5 29. d4 fxe4 30. Nxe4 {[%cal Bc3e4,Be4f6,Bf6d7][%mdl 96] Double Attack} Na4 $2 (30... Bxe4 $11 31. Rxe4 cxd4) 31. Rxb7 $16 ({Not} 31. Nxd6 $2 Rb2 $19) 31... Rxb7 32. d5 Rb2 $2 {[%mdl 8192] Black cannot hold the game after this.} (32... Bd7 $16) 33. Qh4 $18 exd5 (33... Bb7 $142 34. Qd8 e5 35. fxe5 Bxd5 36. cxd5 Nc3 37. Nxc3 Qd7) 34. Nf6+ Kh8 35. cxd5 Bb5 {[#]} 36. Bc4 $1 {[%mdl 576] Deflection} Bxc4 {[#]} 37. Re8 $1 {[%mdl 512] White wants to mate with Rxf8+!} h5 {[#]} 38. Nd7 $1 {[%mdl 576] Pin} Bxd5 (38... Qxd7 39. Qf6+) 39. Rxf8+ (39. Nxf8 $142 Bg8 40. Qg5 Rb1+ 41. Kh2 Rh1+ {[%mdl 64] Decoy} 42. Kxh1 Qa1+ 43. Kh2 Qg7 44. Ne6) 39... Bg8 40. Qd8 {Accuracy: White = 92%, Black = 58%.} 1-0